<?xml version="1.0" encoding="UTF-8"?>
<record
    xmlns:xsi="http://www.w3.org/2001/XMLSchema-instance"
    xsi:schemaLocation="http://www.loc.gov/MARC21/slim http://www.loc.gov/standards/marcxml/schema/MARC21slim.xsd"
    xmlns="http://www.loc.gov/MARC21/slim">

  <leader>00497nam a2200181Ia 4500</leader>
  <controlfield tag="008">230718s9999    xx            000 0 und d</controlfield>
  <datafield tag="020" ind1=" " ind2=" ">
    <subfield code="a">9789380358963</subfield>
  </datafield>
  <datafield tag="041" ind1=" " ind2=" ">
    <subfield code="a">eng</subfield>
  </datafield>
  <datafield tag="082" ind1=" " ind2=" ">
    <subfield code="a">604.2</subfield>
    <subfield code="b">BHA</subfield>
  </datafield>
  <datafield tag="100" ind1=" " ind2=" ">
    <subfield code="a">Bhatt N.D.</subfield>
  </datafield>
  <datafield tag="245" ind1=" " ind2=" ">
    <subfield code="a">Engineering Drawing </subfield>
    <subfield code="b">Plane And Solid Geometry</subfield>
  </datafield>
  <datafield tag="250" ind1=" " ind2=" ">
    <subfield code="a">53rd ed.</subfield>
  </datafield>
  <datafield tag="260" ind1=" " ind2=" ">
    <subfield code="c">2014</subfield>
    <subfield code="b">Charotar Publishing House</subfield>
  </datafield>
  <datafield tag="300" ind1=" " ind2=" ">
    <subfield code="a">719</subfield>
  </datafield>
  <datafield tag="365" ind1=" " ind2=" ">
    <subfield code="c">Rs.</subfield>
    <subfield code="b">315.00</subfield>
  </datafield>
  <datafield tag="700" ind1=" " ind2=" ">
    <subfield code="a">Bhatt N.D.</subfield>
  </datafield>
  <datafield tag="906" ind1=" " ind2=" ">
    <subfield code="d">O:0375603-Mar-2017B:SE/SI/384802-Mar-2017</subfield>
    <subfield code="c">BSHB</subfield>
    <subfield code="b">255.15</subfield>
  </datafield>
  <datafield tag="999" ind1=" " ind2=" ">
    <subfield code="c">344438</subfield>
    <subfield code="d">344438</subfield>
  </datafield>
  <datafield tag="952" ind1=" " ind2=" ">
    <subfield code="0">0</subfield>
    <subfield code="1">0</subfield>
    <subfield code="4">0</subfield>
    <subfield code="7">0</subfield>
    <subfield code="a">CCEP</subfield>
    <subfield code="b">CCEP</subfield>
    <subfield code="d">2017-03-07</subfield>
    <subfield code="e">Suyog Enterprises</subfield>
    <subfield code="f">BSHB</subfield>
    <subfield code="g">229.95</subfield>
    <subfield code="i">SE/SI/3848</subfield>
    <subfield code="l">7</subfield>
    <subfield code="o">604.2</subfield>
    <subfield code="p">CCEP-BK-55645</subfield>
    <subfield code="q">2026-04-08</subfield>
    <subfield code="r">2026-03-25 15:51:46</subfield>
    <subfield code="s">2026-03-25</subfield>
    <subfield code="t">255.15</subfield>
    <subfield code="v">315.00</subfield>
    <subfield code="w">2017-03-02</subfield>
    <subfield code="y">BK</subfield>
    <subfield code="z">055645</subfield>
  </datafield>
</record>
